EG rating (Record no. 82244)
[ view plain ]
| 000 -LEADER | |
|---|---|
| fixed length control field | 00821cam a22001935a 4500 |
| 001 - CONTROL NUMBER | |
| control field | L149670 |
| 008 - FIXED-LENGTH DATA ELEMENTS--GENERAL INFORMATION | |
| fixed length control field | 100407e20100326xxk 000 0 eng d |
| 035 ## - SYSTEM CONTROL NUMBER | |
| System control number | (Sirsi) u149670 |
| 041 0# - LANGUAGE CODE | |
| Language code of text/sound track or separate title | eng |
| 100 1# - MAIN ENTRY--PERSONAL NAME | |
| Personal name | Harris, David |
| 245 00 - TITLE STATEMENT | |
| Title | EG rating |
| 260 ## - PUBLICATION, DISTRIBUTION, ETC. | |
| Date of publication, distribution, etc. | 2010 |
| 490 ## - SERIES STATEMENT | |
| Series statement | Estates Gazette |
| Volume/sequential designation | (1012) 27 March 2010, 67-77(10) |
| 520 ## - SUMMARY, ETC. | |
| Summary, etc. | Non-domestic rating revaluation in April 2010 resulting in increases in business rates. Worked examples comparing 2005 rateable values with 2010 rateable values. Landlords are seeking temporary occupier to avoid liability for empty business rates. Concludes with a review of business rates in Scotland with worked examples. |
| 590 ## - LOCAL NOTE (RLIN) | |
| Local note | KA |
| 651 #4 - SUBJECT ADDED ENTRY--GEOGRAPHIC NAME | |
| Geographic name | United Kingdom |
| Chronological subdivision | |
| 690 ## - LOCAL SUBJECT ADDED ENTRY--TOPICAL TERM (OCLC, RLIN) | |
| Topical term or geographic name as entry element | PROPERTY-COMMERCIAL PROPERTY-COMMERCIAL PROPERTY TAXATION-BUSINESS RATES |
| 942 ## - ADDED ENTRY ELEMENTS (KOHA) | |
| Suppress in OPAC | 0 |
| Withdrawn status | Lost status | Source of classification or shelving scheme | Damaged status | Not for loan | Home library | Current library | Shelving location | Date acquired | Total Checkouts | Full call number | Barcode | Date last seen | Copy number | Price effective from | Koha item type |
|---|---|---|---|---|---|---|---|---|---|---|---|---|---|---|---|
| Dewey Decimal Classification | London | London | Journal article | 07/04/2010 | L149670 | 149670-1001 | 06/08/2019 | 1 | 06/08/2019 | Journal article |